10 Most Southern World capitals - Statistics

General Stats
  • This quiz has been taken 28 times
  • The average score is 7 of 10
Answer Stats
Answer % Correct
Canberra
96%
Wellington
96%
Santiago
92%
Buenos Aires
85%
Pretoria
81%
Montevideo
73%
Asuncion
54%
Maputo
54%
Maseru
54%
Mbabane
46%
No matching quizzes found
Score Distribution
Percent of People with Each Score
Percentile by Number Answered
Your Score History
You have not taken this quiz